000 00285nam a2200109Ia 4500
008 230907s9999||||xx |||||||||||||| ||und||
082 _a363.73874
_bKER
100 _aGines, Julie K.,
_9116171
245 0 _aIntroduction to energy and climate :
300 _axxi, 461 pages
942 _cBK
999 _c601438
_d601438